000 00922nas a2200301 4500
001 BR0706476
003 BR-BrBNA
005 20231205111016.0
007 ta
008 230509b bl.|||p| |||| 00| 00por d
040 _aBR-BrBNA
_bpor
_cBiblioteca Nacional de Agricultura
041 _a(Pt)
072 _aL10
100 1 _aFacó, O.
100 1 _aMartins Filho, R.
100 1 _aLôbo, R.N.B.
100 1 _aOliveira, S.M.P. de
100 1 _aMartins, G.A.
245 1 _aHeterogencidade de (co)variância para a produção de leite nos grupos genéticos formadores da raça Girolando
650 _aBOVINO
650 _aLEITE
650 _aPARÂMETRO GENÉTICO
650 _aCRUZAMENTO ANIMAL
650 _aSELEÇÃO
773 0 _tRevista Ciência Agronômica (Brazil)
_xISSN 0045-6888
_g(Jul-Sep 2007), v. 38(3) p. 304-309
_wBR0706476
909 _a202311
_bLúcia
_c55
_dLúcia Elande
942 _2AGRIS
_n0
_cANA
999 _c190162
_d190162